Curso de Direito Internacional Pb︢lico

Detalles Bibliográficos
Autor principal: Husek, Carlos Roberto
Formato: eBook
Lenguaje:portugués
Publicado: San Pablo: LTR, 2017
Materias:
Acceso en línea:Acceso restringido

MARC

LEADER 00000nam a22000007a 4500
005 20170523234810.0
007 cr|||| |||
008 170523s2017 br |||||s|||| 00||0 por d
020 |a 978-85-361-9135-5 
035 |a 20259 
040 |a vLex 
090 |c 6692  |d 6692 
100 1 |a Husek, Carlos Roberto 
245 1 0 |a Curso de Direito Internacional Pb︢lico  |h [Recurso electrn̤ico] /  |c Carlos Roberto Husek 
256 |a Servicio en ln̕ea 
260 |a San Pablo:  |b LTR,  |c 2017 
300 |a 1 recurso electrn̤ico 
506 1 |a Disponible solo en los productos indicados  |d vLex Global  |d vLex Global (Academic Edition, excluding Law Schools)  |d vLex Global (U.S. Academic Edition, Law Schools)  |d vLex Global (U.S. Academic Edition, excluding Law Schools)  |d vLex Global (Academic Edition, Law Schools) 
650 0 4 |a Derecho Internacional  |z Brasil 
740 0 |a vLex Libros (Servicio en ln̕ea) 
856 4 0 |u http://vlex.com/source/curso-direito-internacional-publico-20259  |z Acceso restringido 
942 |c BOOK 
999 0 |a International Law